[Event "2nd Hyderabad GM Open 2013"]
[Site "Hyderabad IND"]
[Date "2013.11.27"]
[Round "3.9"]
[White "Popov,Iv RUS"]
[Black "Shyam,N"]
[Result "1/2-1/2"]
[WhiteElo "2652"]
[BlackElo "2420"]

1.e4 c5 2.Nf3 d6 3.d4 cxd4 4.Nxd4 Nf6 5.Nc3 a6 6.Be3 e5 7.Nb3 Be6 8.f3 Nbd7
9.Qd2 h5 10.Nd5 Nxd5 11.exd5 Bf5 12.Be2 Qc7 13.Rc1 g6 14.O-O Be7 15.Bd3 Bxd3
16.cxd3 Qb8 17.d4 O-O 18.dxe5 Nxe5 19.Bd4 Qd8 20.f4 Ng4 21.Rce1 Nh6 22.Bc3 Bf6
23.Nd4 Kh7 24.f5 g5 25.Qd3 Ng4 26.Qh3 Kh6 27.Rf3 Bxd4+ 28.Bxd4 Ne5 29.Rb3 Rc8
30.Rxb7 Qa5 31.Bc3 Qxd5 32.Rb4 Rfe8 33.Rbe4 Ng4 34.Rxe8 Rxe8 35.Rxe8 Qc5+
36.Qe3 Qxe3+ 37.Rxe3 Nxe3 38.a4 Nxf5 39.b4 d5 40.Be5 Ne3 41.Bc7 Nc4 42.Kf2 Kg6
43.b5 axb5 44.axb5 Kf5 45.b6 Na5 46.Ke3 Ke6 47.Kd4 Nb7 48.g3 Na5 49.h4 gxh4
50.gxh4 Nb3+ 51.Kc3 Nc5 52.Kb4 Nb7 53.Kb5 Kd7 54.Bh2 d4 55.Kc4 Kc6 56.Bc7 Nc5
57.Kxd4 Ne6+ 58.Ke5 Nxc7 59.bxc7 Kxc7 60.Kf6  1/2-1/2

[Event "2nd Hyderabad GM Open 2013"]
[Site "Hyderabad IND"]
[Date "2013.11.27"]
[Round "4.2"]
[White "Mozharov,M"]
[Black "Borovikov,V"]
[Result "1/2-1/2"]
[WhiteElo "2508"]
[BlackElo "2558"]

1.e4 c5 2.Nf3 d6 3.d4 cxd4 4.Nxd4 Nf6 5.Nc3 a6 6.Be3 e5 7.Nb3 Be7 8.f3 Be6
9.Qd2 O-O 10.O-O-O Nbd7 11.g4 b5 12.g5 b4 13.Ne2 Ne8 14.f4 a5 15.f5 a4 16.Nbd4 exd4
17.Nxd4 b3 18.Kb1 bxc2+ 19.Nxc2 Bb3 20.axb3 axb3 21.Na3 Ne5 22.Qg2 Qb8 23.Bf4 Bd8
24.Rd5 Bb6 25.Rb5 Qa7 26.Rxb3 Bc5 27.h4 Nc7 28.Rhh3 Rfb8 29.Bxe5 dxe5 30.Bc4 Kh8
31.Rxb8+ Rxb8 32.Ka2 Na6 33.Bxa6 Qxa6 34.Qc2 Bd4 35.Rb3 Rc8 36.Qd2 g6 37.Qb4 Qa8
38.fxg6 hxg6 39.Qe7 Kg8 40.Rb7 Rf8 41.Qd7 Bc5 42.h5 Bxa3 43.bxa3 Qa6 44.hxg6 Qc4+
45.Kb2 Qe2+ 46.Ka1 Qe1+ 47.Ka2 Qe2+ 48.Ka1 Qe1+  1/2-1/2

[Event "10th Vasylyshyn Memorial IM"]
[Site "Lviv UKR"]
[Date "2013.11.27"]
[Round "9"]
[White "Grekh,A"]
[Black "Sychevskyy,Andriy"]
[Result "1-0"]
[WhiteElo "2375"]
[BlackElo "2159"]

1.e4 c5 2.Nf3 d6 3.d4 cxd4 4.Nxd4 Nf6 5.Nc3 a6 6.Be3 e5 7.Nf3 Qc7 8.h3 b5
9.a4 b4 10.Nd5 Nxd5 11.Qxd5 Bb7 12.Qc4 Qxc4 13.Bxc4 h6 14.Nd2 Nd7 15.O-O-O Nf6
16.f3 Rc8 17.Rhe1 Be7 18.Bb3 d5 19.exd5 Bxd5 20.Bf2 Bxb3 21.Nxb3 O-O 22.Rxe5 Rc7
23.Bb6 Rc6 24.Ba5 Re6 25.Rxe6 fxe6 26.Nd4 Kf7 27.Nc6 Nd5 28.Nxe7 Kxe7 29.Rxd5  1-0

[Event "2nd Hyderabad GM Open 2013"]
[Site "Hyderabad IND"]
[Date "2013.11.28"]
[Round "5.13"]
[White "Stopa,Ja"]
[Black "Siddharth,R"]
[Result "1/2-1/2"]
[WhiteElo "2510"]
[BlackElo "2372"]

1.Nf3 c5 2.e4 d6 3.d4 cxd4 4.Nxd4 Nf6 5.Nc3 a6 6.Be3 e5 7.Nb3 Be7 8.Qd2 Be6
9.O-O-O Nbd7 10.f4 Ng4 11.g3 b5 12.Kb1 b4 13.Na4 Nxe3 14.Qxe3 Qc7 15.f5 Bxf5
16.exf5 Qc6 17.Qe2 Qxa4 18.Bg2 Rc8 19.Rd5 Nf6 20.Ra5 Qd7 21.g4 O-O 22.Rxa6 Rc7
23.g5 Ne8 24.Qg4 g6 25.Rf1 Ng7 26.Qxb4 Nxf5 27.Qd2 Qb5 28.Ra5 Qc4 29.Bh3 Ng7
30.Rd1 Nh5 31.Bf1 Qh4 32.Qd3 Qxh2 33.Nd2 Nf4 34.Qb3 Qh5 35.Rc1 Qxg5 36.Ne4 Qf5
37.Nc3 Bg5 38.Rd1 Ne6 39.Nb5 Rc5 40.Bh3 Qf6 41.Ra7 Nf4 42.Nxd6 Nxh3 43.Qxh3 Rd8
44.Rd7 Rxd7 45.Qxd7 Qe7 46.Qg4 h5 47.Qf3 Bf4 48.b4 Rc7 49.c4 Kh7 50.c5 Qg5
51.Qd5 Qg4 52.Ne4 Qe2 53.a4 h4 54.b5 h3 55.Nc3 Qe3 56.Kc2 h2 57.Qa8 Qf2+
58.Kb3 e4  1/2-1/2

[Event "2nd Hyderabad GM Open 2013"]
[Site "Hyderabad IND"]
[Date "2013.11.29"]
[Round "6.1"]
[White "Sethuraman,S"]
[Black "Borovikov,V"]
[Result "1-0"]
[WhiteElo "2553"]
[BlackElo "2558"]

1.e4 c5 2.Nf3 d6 3.d4 cxd4 4.Nxd4 Nf6 5.Nc3 a6 6.Be3 e5 7.Nb3 Be7 8.f3 Be6
9.Qd2 O-O 10.O-O-O Nbd7 11.g4 b5 12.g5 b4 13.gxf6 bxc3 14.Qxc3 Nxf6 15.Na5 Rc8
16.Nc6 Qe8 17.Nxe7+ Qxe7 18.Qa5 Rc6 19.Kb1 Rfc8 20.Rd2 Qc7 21.Qxc7 R8xc7
22.c4 Kf8 23.b3 Nd7 24.Bd3 a5 25.Kb2 Nc5 26.Bc2 Rb7 27.Kc3 Ke7 28.Rhd1 f6
29.Bxc5 dxc5 30.Rd8 Rc8 31.R8d6 Ra7 32.Rb6 Bd7 33.Rd5 Rcc7 34.Bd3 Ra8 35.Be2 h6
36.a3 Be6 37.Rdd6 Bd7 38.Bf1 Rb7 39.Re6+ Bxe6 40.Rxb7+ Kf8 41.a4 g5 42.Rb5 Ke7
43.Rxc5 Bd7 44.Rd5 Bc6 45.Rd2 f5 46.c5 fxe4 47.Rd6 Rc8 48.fxe4 Bxa4 49.Rd5 Bc6
50.Rxe5+ Kf6 51.Rf5+ Kg6 52.Bd3 Bd7 53.Rd5 Be6 54.Kd4 Kf7 55.Bc4 Bxd5 56.exd5 Ke7
57.d6+ Kd7 58.Kd5 Rf8 59.c6+ Kd8 60.c7+  1-0

[Event "9th Ugra Governor's Cup"]
[Site "Khanty-Mansiysk RUS"]
[Date "2013.11.30"]
[Round "3.7"]
[White "Ponkratov,P"]
[Black "Artemiev,V"]
[Result "1/2-1/2"]
[WhiteElo "2603"]
[BlackElo "2570"]

1.e4 c5 2.Nf3 d6 3.d4 cxd4 4.Nxd4 Nf6 5.Nc3 a6 6.Be3 e6 7.f3 b5 8.Qd2 b4
9.Na4 Nbd7 10.g4 h6 11.O-O-O Ne5 12.Qxb4 Bd7 13.Bf4 Rb8 14.Qa3 Qc7 15.Nc3 Qb6
16.Bxa6 Ra8 17.Ndb5 Nc4 18.Qa4 Na5 19.Bxd6 Rxa6 20.Kb1 Qb7 21.Qb4 Bxd6 22.Qxd6 Rc6
23.Qb4 Qb6 24.Na4 Qf2 25.Qxa5 O-O 26.Qd2 Qxf3 27.Nd4 Qxe4 28.Nxc6 Bxc6 29.Nc3 Qxg4
30.Rhg1 Qh5 31.Qd4 Kh7 32.a4 Qxh2 33.Rd2 Qh5 34.Qd6 Rc8 35.Rh2 Qf3 36.Qd2 Ng4
37.Rhg2 h5 38.Rg3 Qf5 39.b4 Ba8 40.Kb2 e5 41.Nb5 e4 42.Rc3 e3 43.Qd4 Rxc3
44.Qxc3 Qf2 45.Rd1 Be4 46.Qc4 e2 47.Qxe4+ f5 48.Qh1 exd1=Q 49.Qxh5+  1/2-1/2

[Event "XXVII Belgrade Trophy"]
[Site "Obrenovac SRB"]
[Date "2013.11.30"]
[Round "7.14"]
[White "Djokic,Neb"]
[Black "Nenezic,M"]
[Result "0-1"]
[WhiteElo "2200"]
[BlackElo "2417"]

1.e4 c5 2.Nc3 d6 3.Nge2 Nf6 4.d4 cxd4 5.Nxd4 a6 6.Be3 Nc6 7.f3 e5 8.Nb3 Be6
9.Qd2 Rc8 10.Nd5 Bxd5 11.exd5 Ne7 12.c4 Nf5 13.Bf2 g6 14.g4 Ne7 15.Be2 Bg7
16.O-O O-O 17.Rac1 Qd7 18.h3 Kh8 19.Be3 b5 20.Na5 h5 21.Kg2 Kg8 22.b4 bxc4
23.Bxc4 e4 24.g5 exf3+ 25.Rxf3 Ne4 26.Qd3 Nf5 27.Qxe4 Rce8 28.Qd3 Nh4+ 29.Kf2 Nxf3
30.Kxf3 Qxh3+ 31.Ke2 f5 32.Kd2 f4 33.Bf2 Qg2 34.Rf1 Re4 35.Kd1 h4 36.Nc6 h3
37.Ne7+ Rxe7 38.Qxg6 Qf3+  0-1

[Event "TCh-CZE Extraliga 2013-14"]
[Site "Poruba CZE"]
[Date "2013.11.30"]
[Round "3.1"]
[White "Mista,A"]
[Black "Navara,D"]
[Result "1/2-1/2"]
[WhiteElo "2582"]
[BlackElo "2705"]

1.e4 c5 2.Nf3 d6 3.d4 cxd4 4.Nxd4 Nf6 5.Nc3 a6 6.Be3 e6 7.f3 b5 8.Qd2 b4
9.Na4 Nbd7 10.g4 Nc5 11.Nxc5 dxc5 12.Nb3 Qc7 13.Qf2 Nd7 14.Nd2 Be7 15.Nc4 Ne5
16.O-O-O Nxc4 17.Bxc4 Bd7 18.Qg3 Qc8 19.Rd3 Bb5 20.b3 O-O 21.Rhd1 Ra7 22.Bf4 Bxc4
23.bxc4 a5 24.Bd6 a4 25.Bxe7 Rxe7 26.Qd6 Rc7 27.h4 f6 28.Qb6 Re8 29.Qb5 Qb8
30.Qxa4 Ra7 31.Qxe8+ Qxe8 32.Rd8 Kf7 33.Rxe8 Kxe8 34.Kb2 Ra3 35.Rd3 Rxd3
36.cxd3 Kd7 37.e5 fxe5 38.Kc2 g6 39.Kd2 h6 40.Ke3 g5 41.h5 Kc6 42.Ke4 Kd6
43.Ke3 Kc6 44.Ke4  1/2-1/2

[Event "ch-IRI 2013"]
[Site "Tabriz IRI"]
[Date "2013.11.30"]
[Round "5.10"]
[White "Khalesi,V"]
[Black "Noroozi,O"]
[Result "0-1"]
[WhiteElo "2265"]
[BlackElo "2372"]

1.e4 c5 2.Nf3 d6 3.d4 cxd4 4.Nxd4 Nf6 5.Nc3 a6 6.Be3 e5 7.Nb3 Be6 8.Qd2 Be7
9.f3 O-O 10.O-O-O Qc7 11.g4 Nbd7 12.g5 Nh5 13.Nd5 Bxd5 14.exd5 a5 15.Kb1 a4
16.Nc1 f6 17.Rg1 fxg5 18.Bxg5 Bxg5 19.Qxg5 a3 20.Bd3 Ndf6 21.Qd2 axb2 22.Kxb2 Nf4
23.c4 Qb6+ 24.Ka1 Ra4 25.Rgf1 Rfa8 26.Qf2 Qa5 27.Qc2 Ra3 28.Rf2 Rc3 29.Qb2 Nxd3
30.Nxd3 Rxd3  0-1

[Event "TCh-BEL 2013-14"]
[Site "Belgium BEL"]
[Date "2013.12.01"]
[Round "5.7"]
[White "Klein,Fe"]
[Black "Spaan,N"]
[Result "1-0"]
[WhiteElo "2284"]
[BlackElo "2188"]

1.e4 c5 2.Nf3 d6 3.d4 cxd4 4.Nxd4 Nf6 5.Nc3 a6 6.Be3 e5 7.Nf3 Qc7 8.a4 b6
9.Be2 Be7 10.O-O O-O 11.Qd3 Nbd7 12.Qc4 Qxc4 13.Bxc4 Bb7 14.Nd2 Rac8 15.f3 Rc7
16.Rfd1 Rfc8 17.b3 h6 18.Nf1 Bf8 19.Bf2 g6 20.Ne3 Kg7 21.Na2 Rb8 22.Nb4 Ra8
23.Bf1 Nc5 24.Nc4 a5 25.Na2 d5 26.Nxb6 dxe4 27.Nxa8 Bxa8 28.Nc3 Nxb3 29.cxb3 Rxc3
30.Rac1 Rxb3 31.Rc7 e3 32.Bg3 Nd5 33.Bxe5+ Kg8 34.Rc8 Bb7 35.Rb8 f6 36.Bd6  1-0

[Event "ch-IRI 2013"]
[Site "Tabriz IRI"]
[Date "2013.12.01"]
[Round "6.11"]
[White "Darini,P"]
[Black "Mahdavirad,M"]
[Result "1/2-1/2"]
[WhiteElo "2540"]
[BlackElo "2294"]

1.e4 c5 2.Nf3 d6 3.d4 cxd4 4.Nxd4 Nf6 5.Nc3 a6 6.Be3 e5 7.Nb3 Be7 8.h3 Be6
9.Qf3 Nbd7 10.g4 g6 11.O-O-O Rc8 12.Bh6 Qc7 13.Kb1 b5 14.Rd2 Rg8 15.Be3 Nb6
16.a3 Nc4 17.Bxc4 bxc4 18.Bg5 Nd7 19.Bxe7 Kxe7 20.Nc1 Rb8 21.N1a2 Qb7 22.Kc1 Qxb2+
23.Kd1 a5 24.Ke2 Kf8 25.Rxd6 Kg7 26.Rhd1 Nc5 27.R1d2 Rbc8 28.g5 Qxa3  1/2-1/2

[Event "ch-IRI 2013"]
[Site "Tabriz IRI"]
[Date "2013.12.04"]
[Round "10.9"]
[White "Khalesi,V"]
[Black "Hosseinzadeh,N"]
[Result "0-1"]
[WhiteElo "2265"]
[BlackElo "2205"]

1.e4 c5 2.Nf3 d6 3.d4 cxd4 4.Nxd4 Nf6 5.Nc3 a6 6.Be3 e6 7.Be2 Qc7 8.a4 b6
9.f4 Bb7 10.Bf3 Nbd7 11.Qe2 Rc8 12.O-O Be7 13.Kh1 O-O 14.Bg1 g6 15.Nb3 e5
16.g3 exf4 17.gxf4 Rfe8 18.Qg2 d5 19.exd5 Qxf4 20.Rad1 Ne5 21.Rd4 Qh6 22.Be4 Nxe4
23.Nxe4 Qg7 24.Rdd1 f5 25.Nc3 Nc4 26.Bd4 Bf6 27.Qg3 Nxb2 28.Bxf6 Qxf6 29.Rd4 Nc4
30.Kg1 Ne3 31.Ne4 Rxe4 32.Rxe4 Nxf1 33.Qe5 Qf7 34.Re1 Qxd5 35.Qxd5+ Bxd5
36.Kxf1 Rxc2 37.Nd4 Rxh2 38.Re5 Bc4+ 39.Kg1 Ra2 40.Re7 Rxa4 41.Nc6 Ra1+ 42.Kf2 Ra2+
43.Kg3 g5 44.Re5 Bd3 45.Nb4 Ra3 46.Kf2 Be4 47.Re6 g4  0-1

[Event "Porec Open 2013"]
[Site "Porec CRO"]
[Date "2013.12.05"]
[Round "1.3"]
[White "Bratkovic,Jakob"]
[Black "Zufic,M"]
[Result "0-1"]
[WhiteElo "1981"]
[BlackElo "2466"]

1.e4 c5 2.Nf3 d6 3.d4 cxd4 4.Nxd4 Nf6 5.Nc3 a6 6.Be3 e5 7.Nb3 Be7 8.Bc4 Qc7
9.Qe2 Be6 10.Bxe6 fxe6 11.g4 b5 12.g5 Nfd7 13.a3 Nc6 14.O-O-O Nc5 15.Nxc5 dxc5
16.Qg4 Nd4 17.g6 h5 18.Qh3 Qc6 19.Rhe1 Rc8 20.f4 b4 21.Nb1 Bf6 22.fxe5 Bxe5
23.c3 Ke7 24.axb4 Nb3+ 25.Kc2 Qa4 26.Bg5+ Bf6 27.Bxf6+ gxf6 28.Nd2 Rhd8 29.Nxb3 c4
30.Ra1 Qxb3+ 31.Kc1 Rd2  0-1

[Event "IV JAHV McGregor 2013"]
[Site "Bogota COL"]
[Date "2013.12.06"]
[Round "4.85"]
[White "Velasquez,Angie Gabriela"]
[Black "Vargas,M"]
[Result "0-1"]
[WhiteElo "1765"]
[BlackElo "2033"]

1.e4 c5 2.Nf3 d6 3.d4 cxd4 4.Nxd4 Nf6 5.Nc3 a6 6.Be3 e5 7.Nb3 Be6 8.Qd2 Be7
9.O-O-O O-O 10.f3 Qc7 11.g4 Rc8 12.g5 Nh5 13.h4 Nd7 14.Be2 b5 15.Kb1 b4 16.Nd5 Bxd5
17.exd5 a5 18.Na1 Bf8 19.f4 Ng3 20.Rhg1 Ne4 21.Qd3 Ndc5 22.Bxc5 Nxc5 23.Qf3 exf4
24.Qxf4 g6 25.h5 Bg7 26.Rh1 Na4 27.hxg6 hxg6 28.Bg4 Nc3+ 29.Kc1 Nxa2+ 30.Kb1 Nc3+
31.Kc1 Rcb8 32.Rd3 a4 33.Qh2 Ra5 34.Rh3 Kf8 35.Rh8+ Ke7 36.Rxb8 Qxb8 37.Re1+ Be5
38.Qh6  0-1

[Event "6th Kolkata Open"]
[Site "Kolkata IND"]
[Date "2013.12.06"]
[Round "1.2"]
[White "Popov,Iv RUS"]
[Black "Visakh,NR"]
[Result "1-0"]
[WhiteElo "2644"]
[BlackElo "2303"]

1.e4 c5 2.Nf3 d6 3.d4 cxd4 4.Nxd4 Nf6 5.Nc3 a6 6.Be3 e5 7.Nb3 Be6 8.f3 Be7
9.Qd2 O-O 10.O-O-O a5 11.Kb1 a4 12.Nc1 a3 13.b3 Qa5 14.Nb5 d5 15.Qxa5 Rxa5
16.Bd2 Ra6 17.Nc7 Rc6 18.exd5 Bxd5 19.Nxd5 Nxd5 20.c4 Nb4 21.Nd3 Rd8 22.Bc3 Re6
23.Be2 N4c6 24.Rhe1 f6 25.f4 e4 26.Bg4 Red6 27.Nf2 Rxd1+ 28.Rxd1 Rxd1+ 29.Nxd1 Bc5
30.Bd2 g6 31.Bc8 b6 32.Ne3 Kf7 33.Nc2 f5 34.Kc1 Ke7 35.b4 Bd6 36.g3 Nd7 37.Bb7 Ndb8
38.Ne3 Kd8 39.Nd5 Ne7 40.Kc2 Nbc6 41.Bxc6 Nxc6 42.Bc3 Bc7 43.Kb3 Kc8 44.Kxa3 Bd8
45.Kb3 h5 46.h4 Kb7 47.Ka4 Ka7 48.Be1 Kb7 49.Bf2 Na7 50.b5 Nc8 51.c5 bxc5
52.Bxc5 Nb6+ 53.Bxb6 Bxb6 54.Nxb6 Kxb6 55.Kb4 Kb7 56.a4 Kb6 57.a5+ Kb7 58.b6 Kc6
59.Kc4 Kb7 60.Kb5 e3 61.a6+ Kb8 62.Kc6 e2 63.a7+ Ka8 64.Kc7  1-0

[Event "IV JAHV McGregor 2013"]
[Site "Bogota COL"]
[Date "2013.12.07"]
[Round "6.73"]
[White "Navia,E"]
[Black "Guio,Josue"]
[Result "1-0"]
[WhiteElo "2108"]
[BlackElo "1863"]

1.e4 c5 2.Nf3 d6 3.d4 cxd4 4.Nxd4 Nf6 5.Nc3 a6 6.Be3 e6 7.f3 Be7 8.Qd2 O-O
9.g4 Nc6 10.O-O-O Qc7 11.h4 b5 12.h5 b4 13.Nxc6 Qxc6 14.Ne2 Qa4 15.Kb1 Bb7
16.Nd4 Nd7 17.g5 Nc5 18.g6 fxg6 19.hxg6 hxg6 20.Qg2 Bf6 21.Qxg6 Qd7 22.Nf5 exf5
23.Bxc5 fxe4 24.Bc4+ d5 25.fxe4  1-0

[Event "IV JAHV McGregor 2013"]
[Site "Bogota COL"]
[Date "2013.12.07"]
[Round "7.70"]
[White "Vasquez,R"]
[Black "Melgosa,M"]
[Result "0-1"]
[WhiteElo "1919"]
[BlackElo "2253"]

1.e4 c5 2.Nf3 d6 3.d4 cxd4 4.Nxd4 Nf6 5.Nc3 a6 6.Be3 e5 7.Nb3 Be7 8.f3 Be6
9.Qd2 O-O 10.O-O-O a5 11.Bb5 Na6 12.g4 Nc7 13.Bb6 Qb8 14.Nxa5 Nxb5 15.Nxb5 Ra6
16.Qf2 Nd7 17.Ba7 Qa8 18.b4 b6 19.Bxb6 Rxb6 20.a4 Rc8 21.Kb2 Bc4 22.Nxc4 Rxc4
23.Kb3 d5 24.c3 Nc5+  0-1

[Event "TCh-NED Meesterklasse 2013-14"]
[Site "Netherland NED"]
[Date "2013.12.07"]
[Round "3.3"]
[White "Van Delft,M"]
[Black "Van Oosterom,C"]
[Result "1/2-1/2"]
[WhiteElo "2426"]
[BlackElo "2380"]

1.e4 c5 2.Nf3 d6 3.d4 cxd4 4.Nxd4 Nf6 5.Nc3 a6 6.Be3 e6 7.Be2 Nbd7 8.f4 b5
9.Bf3 Bb7 10.e5 Bxf3 11.Qxf3 dxe5 12.Nc6 Qc7 13.Nxe5 Rc8 14.Nxd7 Nxd7 15.O-O  1/2-1/2

[Event "FSIM December 2013"]
[Site "Budapest HUN"]
[Date "2013.12.08"]
[Round "2.2"]
[White "To,N"]
[Black "Szeberenyi,A"]
[Result "1/2-1/2"]
[WhiteElo "2350"]
[BlackElo "2317"]

1.Nf3 d6 2.e4 Nf6 3.Nc3 c5 4.d4 cxd4 5.Nxd4 a6 6.Be3 e6 7.g4 e5 8.Nf5 g6
9.g5 gxf5 10.exf5 d5 11.gxf6 d4 12.Bc4 Qc7 13.Qd3 dxe3 14.O-O-O exf2 15.Bxf7+ Kxf7
16.Qd5+ Kxf6 17.Ne4+ Ke7 18.Nd6 Bh6+ 19.Kb1 Kf6 20.Ne4+ Ke7 21.Nd6 Kf6 22.Ne4+ Ke7  1/2-1/2

[Event "TCh-CZE Vychod 2013-14"]
[Site "Czech Rep CZE"]
[Date "2013.12.08"]
[Round "4.2"]
[White "Kalod,R"]
[Black "Sabol,M"]
[Result "1-0"]
[WhiteElo "2486"]
[BlackElo "2308"]

1.e4 c5 2.Nf3 d6 3.d4 cxd4 4.Nxd4 Nf6 5.Nc3 a6 6.Be3 e6 7.Qf3 Qc7 8.g4 Nc6
9.g5 Nxd4 10.Bxd4 Nd7 11.O-O-O b5 12.Bd3 Bb7 13.Rhe1 Ne5 14.Qg3 b4 15.Na4 Nxd3+
16.Qxd3 Bc6 17.Nb6 Rb8 18.Nd5 Qb7 19.f4 Bb5 20.Qe3 exd5 21.exd5+ Kd8 22.Ba7 Ra8
23.Bb6+ Kc8 24.Ba5 h6 25.Rd4 hxg5 26.fxg5 Qd7 27.h4 f5 28.Rxb4 g6 29.a4 Bg7
30.axb5 axb5 31.Qb6 Rb8 32.Qa6+ Rb7 33.Re6 Be5 34.Re7 Qxe7 35.Qa8+ Kd7 36.Qxb7+ Ke8
37.Qxb5+ Kf7 38.Qc6 Rxh4 39.Rb7  1-0

[Event "6th Kolkata Open"]
[Site "Kolkata IND"]
[Date "2013.12.08"]
[Round "4.16"]
[White "Matta,V"]
[Black "Siddharth,R"]
[Result "0-1"]
[WhiteElo "2199"]
[BlackElo "2395"]

1.e4 c5 2.Nf3 d6 3.d4 cxd4 4.Nxd4 Nf6 5.Nc3 a6 6.Be3 e5 7.Nb3 Be7 8.f3 Be6
9.Qd2 h5 10.Nd5 Nxd5 11.exd5 Bf5 12.Bd3 Bxd3 13.Qxd3 Bg5 14.O-O Bxe3+ 15.Qxe3 O-O
16.c4 Nd7 17.Nd2 Rc8 18.Rac1 a5 19.Ne4 Nc5 20.Nc3 f5 21.Nb5 f4 22.Qe2 g5
23.b3 Qf6 24.Nc3 b6 25.Ne4 Qg6 26.Kh1 Kh8 27.Rb1 g4 28.a3 Nxe4 29.fxe4 Rf7
30.Rf2 Rcf8 31.Rbf1 Qg5 32.Qd2 Kg8 33.g3 h4 34.Kg1 hxg3 35.hxg3 Qh6 36.gxf4 exf4
37.Rh2 Qg5 38.Qd4 Rg7 39.Qxb6 g3 40.Rh3 f3 41.Qxd6 Qe3+  0-1

[Event "TCh-SVK Ext 2013-14"]
[Site "Slovakia SVK"]
[Date "2013.12.08"]
[Round "4.6"]
[White "Rogos Jun.,J"]
[Black "Istona,Martin"]
[Result "0-1"]
[WhiteElo "2153"]
[BlackElo "2101"]

1.e4 c5 2.Nf3 d6 3.d4 cxd4 4.Nxd4 Nf6 5.Nc3 a6 6.Be3 e5 7.Nb3 Be6 8.f3 Be7
9.Qd2 O-O 10.O-O-O a5 11.Kb1 a4 12.Nc1 a3 13.b3 Ra5 14.Qf2 Qc8 15.N1e2 Nbd7
16.g4 d5 17.exd5 Nxd5 18.Nxd5 Rxd5 19.Rxd5 Bxd5 20.h4 f5 21.gxf5 Rxf5 22.Bg2 Qc6
23.Rf1 Bxf3 24.Bxf3 e4 25.Bf4 Rxf4 26.Nxf4 Qc3 27.Kc1 e3 28.Bd5+ Kh8 29.Kd1 exf2
30.Rxf2 Qd4+ 31.Ke2 Bxh4 32.Rf1 g5  0-1

[Event "TCh-SVK Ext 2013-14"]
[Site "Slovakia SVK"]
[Date "2013.12.08"]
[Round "4.2"]
[White "Petenyi,T"]
[Black "Papp,Ga"]
[Result "1-0"]
[WhiteElo "2469"]
[BlackElo "2593"]

1.e4 c5 2.Nf3 d6 3.d4 cxd4 4.Nxd4 Nf6 5.Nc3 a6 6.Be3 e6 7.f3 Nbd7 8.Qd2 b5
9.O-O-O Bb7 10.Kb1 b4 11.Nce2 d5 12.exd5 Nxd5 13.Nf4 N7f6 14.Bc4 Be7 15.Bb3 Qd7
16.Nf5 O-O 17.Rhe1 Rfd8 18.Nxe7+ Qxe7 19.Bd4 a5 20.Bxd5 Nxd5 21.Nd3 Rac8
22.Qf2 Qc7 23.f4 a4 24.Nc5 Bc6 25.Qg3 g6 26.Ne4 f5 27.Be5 Qe7 28.Ng5 b3 29.cxb3 axb3
30.Qxb3 Rd7 31.Qa3 Qe8 32.Rc1 h6 33.Qh3 h5 34.Qa3 Ra8 35.Qc5 Bb7 36.b3 Ba6
37.Bb2 Bd3+ 38.Ka1 Qb8 39.Rxe6 Nxf4 40.Rc6 Qe8 41.Qc3 Rxa2+ 42.Kxa2 Ra7+
43.Ba3 Qe2+ 44.Qb2 Rxa3+ 45.Kxa3 Qe7+ 46.Ka2 Qxg5 47.Rc8+  1-0

[Event "6th Kolkata Open"]
[Site "Kolkata IND"]
[Date "2013.12.09"]
[Round "5.1"]
[White "Popov,Iv RUS"]
[Black "Mozharov,M"]
[Result "1/2-1/2"]
[WhiteElo "2644"]
[BlackElo "2535"]

1.e4 c5 2.Nf3 d6 3.d4 cxd4 4.Nxd4 Nf6 5.Nc3 a6 6.Be3 e5 7.Nb3 Be7 8.f3 Be6
9.Qd2 O-O 10.O-O-O Nbd7 11.g4 b5 12.g5 b4 13.Ne2 Ne8 14.f4 a5 15.f5 a4 16.Nbd4 exd4
17.Nxd4 b3 18.Kb1 bxc2+ 19.Nxc2 Bb3 20.axb3 axb3 21.Na3 Ne5 22.Qg2 Qb8 23.Bf4 Kh8
24.h4 Qb7 25.Rh3 Ra4 26.Re3 f6 27.Qe2 d5 28.gxf6 gxf6 29.Rxd5 Bxa3 30.bxa3 Nc4
31.Qxc4 Rxc4 32.Bxc4 Rg8 33.Rxb3 Rg1+ 34.Kb2 Qe7 35.Bd3 Rg2+ 36.Kb1 Rg1+
37.Ka2 Qa7 38.Bd2 Rg2 39.Rb2 h5 40.Bb4 Rg3 41.Rc2 Kh7 42.Bb5 Qb8 43.a4 Rg7
44.Kb3 Nc7 45.Bd6 Qb6 46.Bxc7 Rxc7 47.Rxc7+ Qxc7 48.e5 Kh6 49.Rd6 Qc1 50.Rxf6+ Kg7
51.Rg6+ Kh7 52.e6 Qb1+ 53.Kc3 Qxf5 54.Rg5  1/2-1/2

[Event "6th Kolkata Open"]
[Site "Kolkata IND"]
[Date "2013.12.10"]
[Round "6.14"]
[White "Rzayev,B"]
[Black "Vignesh,NR"]
[Result "1/2-1/2"]
[WhiteElo "2465"]
[BlackElo "2293"]

1.e4 c5 2.Nf3 d6 3.d4 cxd4 4.Nxd4 Nf6 5.Nc3 a6 6.Be3 e5 7.Nf3 Qc7 8.Be2 Be7
9.Nh4 O-O 10.O-O Nc6 11.f4 b5 12.Nf5 Bxf5 13.exf5 d5 14.Nxd5 Nxd5 15.Qxd5 Nb4
16.Qe4 Qxc2 17.Bf3 Qxe4 18.Bxe4 exf4 19.Bxa8 fxe3 20.Be4 Bf6 21.a3 Re8 22.axb4 Rxe4
23.Rxa6 h5 24.Re1 Bxb2 25.g3 Bc3 26.Re2 Rxb4 27.Kg2 Bd2 28.Ra8+ Kh7 29.Ra7 f6
30.h3 Rc4 31.Kf3 b4 32.g4 h4 33.Rg2 b3 34.Rb7 Rc3 35.Ke4 Bc1 36.g5 e2 37.g6+ Kh6
38.Rxe2 Rxh3 39.Kd5 b2 40.Ke6 Rc3 41.Re4 Kg5 42.Reb4 Re3+ 43.Kf7 h3 44.Rb8 Kxf5  1/2-1/2

[Event "5th Penang Open 2013"]
[Site "George Town MAS"]
[Date "2013.12.11"]
[Round "4.39"]
[White "Tan,Jia Yun"]
[Black "Alexander,Chan Jia Jie"]
[Result "1/2-1/2"]
[WhiteElo "1647"]
[BlackElo "1793"]

1.e4 c5 2.Nf3 d6 3.d4 cxd4 4.Nxd4 Nf6 5.Nc3 a6 6.Be3 Ng4 7.Bc4 Nxe3 8.fxe3 e6
9.O-O Be7 10.Qf3 O-O 11.a4 Nd7 12.Bb3 Ne5 13.Qg3 b6 14.Nce2 Bb7 15.Nf4 Bc8
16.Rad1 Bh4 17.Qh3 Qe7 18.Nd3 Bf6 19.Nxe5 Bxe5 20.c3 Bb7 21.Bc2 Rac8 22.Rf2 g6
23.Rfd2 Rfd8 24.Nf3 Bg7 25.Qg3 d5 26.exd5 Bxd5 27.Nd4  1/2-1/2

[Event "5th Penang Open 2013"]
[Site "George Town MAS"]
[Date "2013.12.11"]
[Round "4.26"]
[White "Subramaniam,Shreyes"]
[Black "Chong Chor Yuen"]
[Result "0-1"]
[WhiteElo "1789"]
[BlackElo "2055"]

1.e4 c5 2.Nf3 d6 3.d4 cxd4 4.Nxd4 Nf6 5.Nc3 a6 6.Be3 e5 7.Nb3 Be6 8.Be2 Be7
9.O-O O-O 10.f4 exf4 11.Bxf4 Nc6 12.Bf3 Ne5 13.Nd5 Bxd5 14.exd5 Nfd7 15.Kh1 Bg5
16.Bxg5 Qxg5 17.Nd2 Nf6 18.Ne4 Nxe4 19.Bxe4 f5 20.Bf3 Rac8 21.Be2 f4 22.c3 Rf6
23.Qd4 Rcf8 24.Qe4 Rh6 25.c4 Rff6 26.c5 Qg3 27.h4 f3 28.Bxf3 Nxf3 29.Rxf3 Rxf3
30.Qxf3 Rxh4+ 31.Kg1 Qh2+  0-1

[Event "6th Kolkata Open"]
[Site "Kolkata IND"]
[Date "2013.12.12"]
[Round "8.6"]
[White "Mozharov,M"]
[Black "Siddharth,R"]
[Result "1-0"]
[WhiteElo "2535"]
[BlackElo "2395"]

1.e4 c5 2.Nf3 d6 3.d4 cxd4 4.Nxd4 Nf6 5.Nc3 a6 6.Be3 e5 7.Nb3 Be7 8.f3 Be6
9.Qd2 h5 10.Be2 Nbd7 11.Nd5 Nxd5 12.exd5 Bf5 13.O-O Rc8 14.Rac1 O-O 15.Na5 Qc7
16.c4 Bh7 17.b4 f5 18.c5 f4 19.Bf2 Nf6 20.Nc4 e4 21.cxd6 e3 22.dxc7 exd2
23.Nxd2 Bxb4 24.Rfd1 Ba3 25.Rc3 Bb4 26.Rb3 Bxd2 27.d6 Ba5 28.Rxb7 Bf5 29.Bxa6 Bd7
30.Ra7 Ra8 31.Rb1 Rxa7 32.Bxa7 Kf7 33.Rb8 Re8 34.Bc4+ Kg6 35.Rxe8 Nxe8 36.Bb5 Nxd6
37.Bxd7 Bxc7 38.Bd4 Kf7 39.Kf2 Ke7 40.Bc6 Nf5 41.Bc5+ Ke6 42.a4 h4 43.Be4 Ne3
44.Bd4 g5 45.Bb7 Bd8 46.Be4 Ba5 47.Bb1 Nd1+ 48.Kf1 Ne3+ 49.Kg1 Ke7 50.Ba2 Nc2
51.Bc5+ Kf6 52.Bb3 Ne3 53.g3 hxg3 54.hxg3 Ke5 55.g4 Kf6 56.Kf2 Bd8 57.Ke2 Ke5
58.Kd3 Ng2 59.Bd4+ Kd6 60.Ke4 Ne3 61.Bb2 Kc5 62.Ba3+ Kc6 63.Bb4 Bf6 64.Bd2 Kb6
65.a5+ Kb5 66.Be6 Bg7 67.Bd7+ Kc5 68.a6 Kb6 69.Bb5 Bf6 70.Ba5+ Ka7 71.Bb4 Kb6
72.Bc5+ Kxb5 73.a7 Kxc5 74.a8=Q Kd6 75.Qe8 Be7 76.Qg6+ Kd7 77.Qa6 Bd8 78.Ke5 Bc7+
79.Kf6 Bd8+ 80.Kf7  1-0

[Event "Pavlodar Open 2013"]
[Site "Pavlodar KAZ"]
[Date "2013.12.13"]
[Round "5.29"]
[White "Ainutdinova,Y"]
[Black "Viryasov,Aleksei"]
[Result "0-1"]
[WhiteElo "2131"]
[BlackElo "1648"]

1.e4 c5 2.Nf3 d6 3.d4 cxd4 4.Nxd4 Nf6 5.Nc3 a6 6.Be3 Ng4 7.Bg5 Qb6 8.Nd5 Qd8
9.Be2 Nf6 10.Bxf6 gxf6 11.Bh5 Nc6 12.O-O Nxd4 13.Qxd4 Bg7 14.f4 O-O 15.f5 b5
16.Be2 Bb7 17.Nf4 Qc7 18.c4 bxc4 19.Bxc4 Rac8 20.Rac1 Kh8 21.Nd3 Qd7 22.b4 Rc7
23.Qe3 Rfc8 24.Rfd1 Qe8 25.Nf2 Qa4 26.Nd3 Rxc4 27.Nb2 Rxc1 28.Nxa4 Rxd1+
29.Kf2  0-1

[Event "6th Kolkata Open"]
[Site "Kolkata IND"]
[Date "2013.12.14"]
[Round "10.2"]
[White "Ter Sahakyan,S"]
[Black "Popov,Iv RUS"]
[Result "1/2-1/2"]
[WhiteElo "2562"]
[BlackElo "2644"]

1.e4 c5 2.Nf3 d6 3.d4 cxd4 4.Nxd4 Nf6 5.Nc3 a6 6.Be3 e6 7.g4 e5 8.Nf5 g6
9.g5 gxf5 10.exf5 d5 11.gxf6 d4 12.Bc4 Qc7 13.Qd3 dxe3 14.O-O-O exf2 15.Bxf7+ Kxf7
16.Qd5+ Kxf6 17.Ne4+ Ke7 18.f6+ Ke8 19.f7+ Ke7 20.Qd2 Qb6 21.Qg5+ Kxf7 22.Rhf1 Bh6
23.Rxf2+ Ke8 24.Rd8+ Qxd8 25.Qxh6 Qe7 26.Nf6+ Kd8 27.Nd5 Qe6 28.Qg5+ Kd7
29.Qg7+ Kd6 30.Rd2 Qxd5 31.Rxd5+ Kxd5 32.Qxh8 Nc6 33.Qxh7 Kd6  1/2-1/2

[Event "25th Carlos Torre Open"]
[Site "Merida MEX"]
[Date "2013.12.14"]
[Round "2.2"]
[White "Quesada Perez,Yu"]
[Black "Sanchez Enriquez,O"]
[Result "1-0"]
[WhiteElo "2639"]
[BlackElo "2390"]

1.e4 c5 2.Nf3 d6 3.d4 cxd4 4.Nxd4 Nf6 5.Nc3 a6 6.Be3 e5 7.Nb3 Be6 8.h3 Nbd7
9.Qd2 b5 10.O-O-O Rb8 11.Qe1 Qc7 12.Nd5 Bxd5 13.exd5 Nb6 14.Bxb6 Rxb6 15.g4 Be7
16.Na5 O-O 17.Bg2 Re8 18.Kb1 Bf8 19.Be4 b4 20.f3 Qc5 21.Nc6 a5 22.Qg1 Qxg1
23.Rhxg1 Ra8 24.Rd3 Nd7 25.h4 g6 26.Rd2 Bg7 27.Rh2 a4 28.b3 Nc5 29.h5 Na6
30.bxa4 Nb8 31.a5 Rb5 32.hxg6 hxg6 33.Rd2 Kf8 34.g5 Nd7 35.Rh1 Nc5 36.Rdh2 Raxa5
37.Nxa5 Rxa5 38.Kb2 Ra3 39.Rb1 f5 40.gxf6 Bxf6 41.Rg1 Na4+ 42.Kc1 g5 43.Rh6 Bd8
44.Rh8+ Ke7 45.Rgh1 Bb6 46.R1h7+ Kf6 47.Rf8+  1-0